000 00794nam a2200229Ia 4500
001 10090
003 GE_BSU
008 181216s||||||||xx |||||||||||||| ||und||
040 _cGE_BSU
080 _a821.353.1–32
100 _aრურუა,ილია
245 _aწმინდა ალაგი
245 _bმოთხრობები,მინიატურები
245 _cრედ.შ.ფორჩხიძე.მხატვ.ნ.მალაზონია
260 _aთბილისი
260 _bსაბჭოთა საქართველო
260 _c1963
300 _a257გვ.20სმ.
653 _aმოთხრობები,მინიატურები
653 _aწმინდა ალაგი
942 _cBK
999 _c43362
_d43362